Analýza vplyvu e-obchodu na hospodárstvo diplomová práca

Gespeichert in:
Bibliographische Detailangaben
1. Verfasser: Rákošová, Monika, 1987-
Körperschaft: Obchodná fakulta EU. Katedra informatiky obchodných firiem
Weitere Verfasser: Hasan, Jamal
Format: Buch
Sprache:Slowakisch
Veröffentlicht: Bratislava 2012
Tags: Tag hinzufügen
Keine Tags, Fügen Sie das erste Tag hinzu!

MARC

LEADER 00000nbm a2200000 4500
001 0159180
005 20161109102231.6
041 0 |a slo 
044 |a SK 
245 1 0 |a Analýza vplyvu e-obchodu na hospodárstvo  |b diplomová práca  |c Monika Rákošová ; školiteľ: Jamal Hasan 
264 1 |a Bratislava  |c 2012 
300 |a 55 s. 
100 1 |a Rákošová, Monika, 1987- 
700 1 |a Hasan, Jamal 
710 2 |a Obchodná fakulta EU. Katedra informatiky obchodných firiem